00405nam a2200145 a 4500008004100000020001500041050001900056100002200075245005700097250001200154260004100166350000900207650002400216650001900240120416s1986 ||||||||||||||||| || u a0471887587 aTK 7871.85 Mul aMuller, Richard S10aDevice electronic for integrated circuits. (2nd ed.) a2nd. ed aNew York:bJohn Wiley and Sonsc1986 a0.00 aINTEGRATED CIRCUITS aSEMICONDUCTORS